Medieval Boats and Inland Water Transport in Poland

Titel: Medieval Boats and Inland Water Transport in Poland
Verfasser:
In: Schutz des Kulturerbes unter Wasser, (2000), Seite 279-287
alle Artikel anzeigen
Veröffentlicht: 2000
Format: Aufsatz
Sprache: Englisch
Kein Bild verfügbar
X
alg: 39209107
001A    $01999:11-11-16 
001B    $01999:26-04-21 $t20:14:05.000 
001D    $01999:11-11-16 
001U    $0utf8 
001X    $00 
002@    $0Aox 
003@    $0392091070 
007A    $0392091070 $aHEB 
007T    $0Herd35914 
010@    $aeng 
011@    $a2000 
021A    $aMedieval Boats and Inland Water Transport in Poland 
028A    $aOssowski $dWaldemar 
031A    $h279-287 $j2000 
039B    $aIn $8--Aau--. Schutz des Kulturerbes unter Wasser. - Lübstorf : Archäologisches Landesmuseum Mecklenburg-Vorpommern, 2000. - 623 S.. - zahlr. Ill., graph. Darst., Kt. $x200000000000000721 $9098534580 
045F    $a330.09438 $eDDC23BSB 
045F/01 $a330.09 
045F/03 $g438 

lok: 39209107 78

exp: 39209107 78 1 #EPN
201B/01 $019-04-17 $t11:00:31.000 
201U/01 $0utf8 
203@/01 $0788187090 
208@/01 $a11-11-16 $be 
209A/01 $a/ $f000 $x00 
220C/01 $aTitelaufnehmer: cs 
244Z/01 $2Trx $#Poola $#Lenkija $#Polija $#Polen Land $#Poland $#Lengyelország $#Poľsko $#Polsko $8--Trx--Polska$gkraj $x01 $9391345966 
244Z/01 $aGeschichte 800-1400 $x02 
244Z/01 $2Trx $#laeva sõit $#jūreivystė $#shipping $#hajóutazás $#żegluga $#doprava lodná $#doprava lodní $#Seefahrt $#doprava námorná $#doprava námořní $8--Trx--Schifffahrt $x03 $9391380680 
244Z/01 $2Trx $#jõed $#upės $#Rivers $#folyók $#rzeki $#rieky $#řeky $8--Trx--Flüsse $x04 $9391373870 
244Z/01 $2Trx $#kaubavahetus üldiselt $#prekyba bendras $#trade $#kereskedelem általános $#handel ogólnie $#obchod všeobecne $#obchod všeobecně $#Gewerbe $#remeslo, živnosť $8--Trx--Handel$gallgemein $x05 $9391373781 
244Z/01 $2Trx $8--Trx--Einzelbeiträge $x06 $9391384570 
245Z/01 $a09.04 $x01 
247C/01 $82080>Marburg/Lahn, Herder-Institut, Forschungsbibliothek, Bibliographieportal $9336309341
LEADER 00000caa a22000002c 4500
001 392091070
003 DE-603
005 20210426201405.0
007 tu
008 161111s2000 xx |||| | u00||u|eng c
035 |a (DE-599)HEB392091070 
040 |a DE-603  |b ger  |c DE-603  |d DE-603 
041 |a eng 
082 0 4 |8 1\u  |a 330.09438  |q DE-101  |2 23/BSB 
085 |8 1\u  |b 330.09 
085 |8 1\u  |z 2  |s 438 
100 1 |a Ossowski, Waldemar 
245 0 0 |a Medieval Boats and Inland Water Transport in Poland 
264 0 |c 2000 
773 0 8 |i In  |t Schutz des Kulturerbes unter Wasser  |d Lübstorf : Archäologisches Landesmuseum Mecklenburg-Vorpommern, 2000  |h 623 S., zahlr. Ill., graph. Darst., Kt.  |g (2000), Seite 279-287  |w (DE-603)098534580 
924 0 |9 2080  |a (DE-603)788187090  |b DE-2080  |c HES  |d d  |g /